000 00291nam a22001457a 4500
008 210309b ||||| |||| 00| 0 eng d
020 _a0070422702
041 _aeng
080 _a37
082 _a37
100 _a25
101 _aEDU
245 _aEnglish
_cSulzby, E
942 _2udc
_cBK
999 _c56098
_d56098